Statistics for Title in the Lyrics -- Songs That Start With V

Click here to take the quiz!

General Stats

  • This quiz has been taken 226 times
  • The average score is 4 of 15

Answer Stats

LyricsTitle% Correct
She's got it / Yeah baby she's got it / Well I'm your _____ / I'm your fire, at your desireVenus
62%
Won't you come on over / Stop makin a fool out of me / Why don't you come on over _______?Valerie
59%
_____ ______ ___ _____ ____ / _____ ______ ___ _____ ____ / Pictures came and broke your heart / We can't rewind we've gone too farVideo Killed the Radio Star
45%
If you want it I'm gonna be / __ __ ____, voom / If you got it, you got it / You got that boom, boomVa Va Voom
43%
On your video, video / If you want me you can watch me on your _____ _____Video Phone
27%
Come on, _____ / Let your body move to the music (move to the music) / Hey, hey, heyVogue
26%
Kissing in the blue dark / Playing pool and wild darts / _____ _____Video Games
22%
You're gonna kick off before you even get halfway through (Oooh) / When will you realize... ______ waits for you?Vienna
21%
______, oh oh / E cantare, oh oh oh oh / No wonder my happy heart sings / Your love has given me wingsVolare
19%
Hello, hello... (Hola) / I'm at a place called _______ (dónde estás?) / It’s everything I wish I didn’t knowVertigo
14%
I'm gonna give it ev'rything I've got / Lady luck please let the dice stay hot / Let me shout a seven with ev'ry shot / ____ ___ _____, ____ ___ _____Viva Las Vegas
10%
Tell me where you're hiding your ______ ____ cause I can't control myselfVoodoo Doll
9%
Bass coming down so hard / That little dress breaking every heart / Ey, shake, shake like you're famous, girl / Head back, lay it down like a _____ ____Vegas Girl
7%
_______, _______, Medusa head on me like I'm 'LuminatiVersace
5%
But drenched in _______ ________ / I'll sit on the front porch all night / Waist deep in thought because when / I think of you I don't feel so aloneVanilla Twilight
4%

Score Distribution

Percentile by Number Answered

Percent of People with Each Score

Your Score History

You have not taken this quiz